Statistics for Marvel Cinematic Universe Quiz

Click here to take the quiz!

General Stats

  • This quiz has been taken 102 times
    (19 since last reset)
  • The average score is 25 of 48

Answer Stats

Year of ReleaseMovie% Correct
2008Iron Man
93%
2010Iron Man 2
93%
2013Iron Man 3
93%
2019Avengers: Endgame
86%
2011Thor
86%
2015Avengers: age of Ultron
79%
2018Avengers: Infinity War
79%
2011Captain America: the first Avenger
79%
2014Captain America: the Winter Soldier
79%
2016Doctor Strange
79%
2022Thor: Love and Thunder
79%
2017Thor: Ragnarok
79%
2018Black Panther
71%
2016Captain America: Civil War
71%
2013Thor: the Dark World
71%
2015Ant-Man
64%
2014Guardians of the Galaxy
64%
2012Marvel's the Avengers
64%
2019Spider-Man: Far from Home
64%
2017Spider-Man: Homecoming
64%
2021Spider-Man: No Way Home
64%
2008The Incredible Hulk
64%
2021Black Widow
57%
2022Doctor Strange in the Multiverse of Madness
57%
2021Hawkeye
57%
2018Ant-Man and the Wasp
50%
2022Black Panther: Wakanda Forever
50%
2019Captain Marvel
50%
2021Loki
50%
2023Loki Season 2
50%
2021Eternals
43%
2021WandaVision
43%
2021What If...?
43%
2023What If...? Season 2
43%
2021Shang-Chi and the Legend of the Ten Rings
36%
2022She-Hulk: Attorney at Law
36%
2023Ant-Man and the Wasp: Quantumania
29%
2022Moon Knight
29%
2022Ms. Marvel
29%
2021The Falcon and the Winter Soldier
29%
2017Guardians of the Galaxy Volume 2
14%
2023Guardians of the Galaxy Volume 3
14%
2023Secret Invasion
14%
2022The Guardians of the Galaxy Holiday Special
14%
2023The Marvels
14%
2022Werewolf by Night
14%
2023Echo
0%
2023Ironheart
0%

Score Distribution

Percentile by Number Answered

Percent of People with Each Score

Your Score History

You have not taken this quiz since the last reset